Vidyāpati: Bangīya padābali; songs of the love of Rādhā and Krishna

Saved in:
Bibliographic Details
Main Author: Vidyāpati Thākura
Other Authors: Coomaraswamy, Ananda Kentish, 1877-1947 (Translator)
Format: Electronic eBook
Language:English
Published: Project Gutenberg, 2011
Series:Project Gutenberg 38174
Online Access:http://www.gutenberg.org/etext/38174
Rights
Tags: Add Tag
No Tags, Be the first to tag this record!
Call Number :

MARC

LEADER 00000cam a22000003a 4500
001 80203
003 MY-KLNDU
005 20241219035827.0
008 210403s2011||||xxu|||||s|||||000 | eng d
035 |a (PGUSA)38174 
039 9 |a 202104051324  |b VLOAD  |y 202104031509  |z VLOAD 
040 |a PGUSA  |b eng 
042 |a dc 
100 1 |a Vidyāpati Thākura 
245 1 0 |a Vidyāpati: Bangīya padābali; songs of the love of Rādhā and Krishna  |h [electronic resource] /  |c by Vidyāpati Thākura; translated by Ananda Kentish, 1877-1947 Coomaraswamy 
260 |b Project Gutenberg,  |c 2011 
500 |a Project Gutenberg 
506 |a Freely available. 
516 |a Electronic text 
599 |a Dummy Record 
700 1 |a Coomaraswamy, Ananda Kentish, 1877-1947,  |e Translator 
830 0 |a Project Gutenberg  |v 38174 
856 4 0 |u http://www.gutenberg.org/etext/38174 
856 4 2 |u http://www.gutenberg.org/license  |3 Rights 
999 |a vtls000091530  |c 80203  |d 80203